| 000 | 00700nam a2200229Ia 4500 | ||
|---|---|---|---|
| 003 | OSt | ||
| 005 | 20251229115755.0 | ||
| 008 | 220923b |||||||| |||| 00| 0 eng d | ||
| 020 | _a0335204198 | ||
| 037 | _cGeneral Book | ||
| 040 |
_aRTL _cRTL _beng |
||
| 041 |
_2eng _aeng |
||
| 084 |
_aY:3(S5), P1 _qRTL |
||
| 100 |
_aScott Sara _9245173 |
||
| 245 | 0 | _aPolitics and experience of ritual abuse: beyond disbelif | |
| 260 |
_aBuckingham _bOpen University Press _c2001 |
||
| 300 |
_avii, 224 p. _bIncludes bibliographical references and index. |
||
| 650 |
_a Sex _931676 |
||
| 650 |
_aSociology _9859977 |
||
| 942 |
_hY:3(S5), P1 _cGB _2CC _n0 |
||
| 999 |
_c489223 _d489223 |
||